000 00360nam a2200145Ia 4500
008 230917s9999||||xx |||||||||||||| ||und||
040 _e195971
_aMAIN
041 _aEnglish
082 _a588 V442B
100 _aVashishta, B R
245 0 _aBotany for degree students: Bryophyta
260 _aNew Delhi
_bS Chand
_c2012
300 _ax, 517 p.
942 _cBK
999 _c163593
_d163593